|
|
|
|
| LEADER |
02776nam a2200529 i 4500 |
| 001 |
EBC3379234 |
| 003 |
MiAaPQ |
| 005 |
20200520144314.0 |
| 006 |
m o d | |
| 007 |
cr cnu|||||||| |
| 008 |
131112t20132013dcu ob 000 0 eng|d |
| 020 |
|
|
|z 0309269539
|
| 020 |
|
|
|z 9780309269537
|
| 020 |
|
|
|a 9780309269544
|q (electronic bk.)
|
| 035 |
|
|
|a (MiAaPQ)EBC3379234
|
| 035 |
|
|
|a (Au-PeEL)EBL3379234
|
| 035 |
|
|
|a (CaPaEBR)ebr10863889
|
| 035 |
|
|
|a (OCoLC)923289390
|
| 040 |
|
|
|a MiAaPQ
|b eng
|e rda
|e pn
|c MiAaPQ
|d MiAaPQ
|
| 050 |
|
4 |
|a HF5415.32
|b .C4333 2013
|
| 245 |
0 |
0 |
|a Challenges and opportunities for change in food marketing to children and youth :
|b workshop summary /
|c Heather Breiner, Lynn Parker, and Steve Olson, Rapporteurs ; Standing Committee on Childhood Obesity Prevention, Food and Nutrition Board, Institute of Medicine of the National Academies.
|
| 264 |
|
1 |
|a Washington, District of Columbia :
|b National Academies Press,
|c [2013]
|
| 264 |
|
4 |
|c 2013
|
| 300 |
|
|
|a 1 online resource (86 pages)
|
| 336 |
|
|
|a text
|2 rdacontent
|
| 337 |
|
|
|a computer
|2 rdamedia
|
| 338 |
|
|
|a online resource
|2 rdacarrier
|
| 504 |
|
|
|a Includes bibliographical references (pages 55-57).
|
| 505 |
0 |
|
|a Introduction and themes of the workshop -- Progress since food marketing to children and youth : threat or opportunity? -- Emerging issues in food marketing -- Innovations and future work in industry practices -- Emerging policy initiatives and communication strategies -- Discussions.
|
| 588 |
|
|
|a Description based on print version record.
|
| 590 |
|
|
|a Electronic reproduction. Ann Arbor, MI : ProQuest, 2015. Available via World Wide Web. Access may be limited to ProQuest affiliated libraries.
|
| 650 |
|
0 |
|a Child consumers.
|
| 650 |
|
0 |
|a Advertising and children.
|
| 650 |
|
0 |
|a Advertising and youth.
|
| 650 |
|
0 |
|a Target marketing.
|
| 650 |
|
0 |
|a Food industry and trade.
|
| 650 |
|
0 |
|a Obesity in children
|x Prevention.
|
| 655 |
|
4 |
|a Electronic books.
|
| 700 |
1 |
|
|a Breiner, Heather,
|e editor.
|
| 700 |
1 |
|
|a Parker, Lynn,
|e editor.
|
| 700 |
1 |
|
|a Olsen, Steven,
|e editor.
|
| 710 |
2 |
|
|a Institute of Medicine (U.S.).
|b Standing Committee on Childhood Obesity Prevention,
|e issuing body.
|
| 710 |
2 |
|
|a Institute of Medicine (U.S.).
|b Food and Nutrition Board,
|e issuing body.
|
| 710 |
2 |
|
|a National Academies Press (U.S.),
|e issuing body.
|
| 776 |
0 |
8 |
|i Print version:
|t Challenges and opportunities for change in food marketing to children and youth : workshop summary.
|d Washington, District of Columbia : National Academies Press, [2013]
|h x, 76 pages ; 23 cm
|z 9780309269537
|w (OCoLC)ocn830368066
|w (DLC)10863889
|
| 797 |
2 |
|
|a ProQuest (Firm)
|
| 856 |
4 |
0 |
|u https://ebookcentral.proquest.com/lib/matrademy/detail.action?docID=3379234
|z Click to View
|